000 00288nam a22001337a 4500
008 170527b xxu||||| |||| 00| 0 eng d
020 _a9780060407346
041 _aeng
080 _22ND
_a621
100 _a26
101 _aIM
245 _aTHERMODYNAMICS
_cBLACK, W.Z
942 _2udc
_cBK
999 _c14664
_d14664